| 000 | 00509nam a22001697a 4500 | ||
|---|---|---|---|
| 005 | 20260219021013.0 | ||
| 008 | 260219b |||||||| |||| 00| 0 eng d | ||
| 020 | _a9814416339 | ||
| 040 | _cjhcsc | ||
| 082 |
_23 _a005.1 |
||
| 100 |
_910166 _aBlayne Mayfield _eAuthor |
||
| 245 |
_aFrom Problem Analysis to Program Design _bLab Manual _cBlayne Mayfield |
||
| 250 | _aThird Edition | ||
| 260 |
_aSingapore _bCengage Learning Asia Pte Ltd _cc2012 |
||
| 300 |
_aix,321 p _bill. |
||
| 942 |
_2ddc _cBOOK _eThird Edition |
||
| 999 |
_c11353 _d11353 |
||